00981nac a22002771u 4500010001700000020001500017020001800032020002200050020002500072035002300097035002000120082001700140090001500157100003400172245010900206260005300315300003400368500002400402504006400426511002600490650002700516650002100543942001900564999001500583952010500598 a 2006042119 a9812569111 a9789812569110 a981256912X (pbk.) a9789812569127 (pbk.) a(OCoLC)ocm76142480 a(OCoLC)76142480 a332.042bMAS c8835d8835 aMasson, Paul R. 10aLectures in international finance :bcrisis, coordination, currency, unions, and debt /cPaul R. Masson. aNew Jersey :bWorld Scientific Pub.,2007cc2007. axxv, 177 p. :bill. ;c23 cm. adistributer: Baccah aIncludes bibliographical references (p. 169-173) and index. acatalogued by: wessam 0aInternational finance. 0aMonetary policy. cBBk332.042MAS c8835d8835 00104070aMAINbMAINc1STd2008-03-25ePurchasel0o332.042MASp000010490r2025-07-15 00:00:00yBB